000 007510000a22002290004500
003 LK-CoMWRAF
005 20231109150412.0
008 230817t2004 ||||| |||| 00| 0 eng d
020 _a1903679052
040 _aLK-CoMWRAF
_dLK-CoMWRAF
_eLK-CoMWRAF
041 _aeng
082 _a303.66
_bBAL
100 _aBalasingham, Anton
245 _aWar and Peace:
_bArmed Struggle and Peace Efforts of Liberation Tigers
260 _aMitcham:
_bFairmax,
_c2004
300 _ax, 514 p. : col. ill. ; 22 cm.
650 _aTAMIL(INDIC PEOPLE)-Sri Lanka
650 _aNational liberation movements -- Sri Lanka
650 _aPolitics and government- Sri Lanka
856 _uhttps://telibrary.com/wp-content/uploads/2022/02/War-and-Peace.pdf
942 _cBK
999 _c1218
_d1218